<?xml version="1.0" encoding="UTF-8"?>
<record
    xmlns:xsi="http://www.w3.org/2001/XMLSchema-instance"
    xsi:schemaLocation="http://www.loc.gov/MARC21/slim http://www.loc.gov/standards/marcxml/schema/MARC21slim.xsd"
    xmlns="http://www.loc.gov/MARC21/slim">

  <leader>01105nam a2200313 a 4500</leader>
  <controlfield tag="005">20170927180146.0</controlfield>
  <controlfield tag="008">080604s2009    ck a   jr     00010dspa d</controlfield>
  <datafield tag="020" ind1=" " ind2=" ">
    <subfield code="z">9589798126</subfield>
  </datafield>
  <datafield tag="040" ind1=" " ind2=" ">
    <subfield code="a">CO-BoBLA </subfield>
    <subfield code="c">CO-BoBLA</subfield>
    <subfield code="d">CO-BoIAvH</subfield>
  </datafield>
  <datafield tag="041" ind1=" " ind2=" ">
    <subfield code="a">spa</subfield>
  </datafield>
  <datafield tag="044" ind1=" " ind2=" ">
    <subfield code="a">ck</subfield>
  </datafield>
  <datafield tag="082" ind1="0" ind2="4">
    <subfield code="a">I598 </subfield>
  </datafield>
  <datafield tag="090" ind1=" " ind2=" ">
    <subfield code="a">I-CUE</subfield>
    <subfield code="b">02</subfield>
  </datafield>
  <datafield tag="100" ind1="1" ind2=" ">
    <subfield code="a">Uribe, Cristina.</subfield>
    <subfield code="d">1956-</subfield>
  </datafield>
  <datafield tag="245" ind1="1" ind2="0">
    <subfield code="a">Amelia Cantor : </subfield>
    <subfield code="b">Arauco de Ca&#xF1;overde / </subfield>
    <subfield code="c">texto y fotograf&#xED;as Cristina Uribe.</subfield>
  </datafield>
  <datafield tag="250" ind1=" " ind2=" ">
    <subfield code="a">Segunda edici&#xF3;n</subfield>
  </datafield>
  <datafield tag="260" ind1="3" ind2=" ">
    <subfield code="a">Bogot&#xE1; : </subfield>
    <subfield code="b">Cristina Uribe Ediciones, </subfield>
    <subfield code="c">2006.</subfield>
  </datafield>
  <datafield tag="300" ind1=" " ind2=" ">
    <subfield code="a">33 p&#xE1;ginas : </subfield>
    <subfield code="b">fotograf&#xED;as a color ; </subfield>
    <subfield code="c">23 cent&#xED;metros.</subfield>
  </datafield>
  <datafield tag="490" ind1=" " ind2=" ">
    <subfield code="a">Libros Educativos - Aprendiendo sobre el mundo en que vivimos</subfield>
  </datafield>
  <datafield tag="500" ind1=" " ind2=" ">
    <subfield code="a">Glosario : p&#xE1;ginas 32-33</subfield>
  </datafield>
  <datafield tag="650" ind1="1" ind2="4">
    <subfield code="a">Aves</subfield>
    <subfield code="x"> H&#xE1;bitos y conducta</subfield>
    <subfield code="v"> Literatura juvenil.</subfield>
  </datafield>
  <datafield tag="650" ind1="1" ind2="4">
    <subfield code="a">Aves</subfield>
    <subfield code="v"> Fotograf&#xED;as.</subfield>
  </datafield>
  <datafield tag="650" ind1="1" ind2="4">
    <subfield code="a">Aves</subfield>
    <subfield code="x">Arauco</subfield>
    <subfield code="z">America del Sur</subfield>
  </datafield>
  <datafield tag="650" ind1="1" ind2="4">
    <subfield code="a">Jamuco</subfield>
  </datafield>
  <datafield tag="650" ind1="1" ind2="4">
    <subfield code="a">Buitre de ci&#xE9;naga</subfield>
  </datafield>
  <datafield tag="650" ind1="1" ind2="4">
    <subfield code="a">Anhima cornuta</subfield>
  </datafield>
  <datafield tag="700" ind1="1" ind2=" ">
    <subfield code="a">Uribe Hurtado, Cristina, </subfield>
    <subfield code="d">1956-, </subfield>
    <subfield code="e">fot&#xF3;grafa.</subfield>
  </datafield>
  <datafield tag="942" ind1=" " ind2=" ">
    <subfield code="2">z</subfield>
    <subfield code="c">LIBRO</subfield>
  </datafield>
  <datafield tag="999" ind1=" " ind2=" ">
    <subfield code="c">19863</subfield>
    <subfield code="d">19863</subfield>
  </datafield>
  <datafield tag="952" ind1=" " ind2=" ">
    <subfield code="0">0</subfield>
    <subfield code="1">0</subfield>
    <subfield code="2">z</subfield>
    <subfield code="4">0</subfield>
    <subfield code="7">0</subfield>
    <subfield code="8">INFANTIL</subfield>
    <subfield code="I">INV2017</subfield>
    <subfield code="a">Bogota</subfield>
    <subfield code="b">Bogota</subfield>
    <subfield code="d">2017-09-25</subfield>
    <subfield code="e">Librer&#xED;a Lerner</subfield>
    <subfield code="g">40000.00</subfield>
    <subfield code="l">0</subfield>
    <subfield code="o">I-CUE-02</subfield>
    <subfield code="p">042693</subfield>
    <subfield code="r">2017-09-25 00:00:00</subfield>
    <subfield code="t">Ej. 1</subfield>
    <subfield code="w">2017-09-25</subfield>
    <subfield code="x">Compra</subfield>
    <subfield code="y">LIBRO</subfield>
  </datafield>
</record>
